000 00390nam a2200145Ia 4500
008 240729s9999 xx 000 0 und d
022 _a2277-9604
245 0 _aGlobal Journal of Medicine and Public Health
260 _aIndia
260 _bMakhdoomi Printers
650 _aMedicine
856 _uhttps://doaj.org/toc/52df8783c9064a65b696ec9c4954bcaf
942 _2ddc
942 _cDOAJEJ
999 _c68994
_d68994
945 _a1
_bMadushi Gamage
_c1
_dMadushi Gamage